Turkey unveiled : (Record no. 110419)

MARC details
000 -LEADER
campo de control de longitud fija 01574cam a2200325Ia 4500
001 - NÚMERO DE CONTROL
campo de control 50325
005 - FECHA Y HORA DE LA ÚLTIMA TRANSACCIÓN
campo de control 20230411090002.0
008 - DATOS DE LONGITUD FIJA--INFORMACIÓN GENERAL
campo de control de longitud fija 070205s2004 nyuabf b 001 0 eng d
035 ## - NÚMERO DE CONTROL DEL SISTEMA
Número de control de sistema (OCoLC)ocm81906942
040 ## - FUENTE DE CATALOGACIÓN
Centro catalogador/agencia de origen UNA
Centro/agencia transcriptor UNA
Centro/agencia modificador BAKER
-- YDXCP
020 ## - NÚMERO INTERNACIONAL ESTÁNDAR DEL LIBRO
Número Internacional Estándar del Libro 1585675814
020 ## - NÚMERO INTERNACIONAL ESTÁNDAR DEL LIBRO
Número Internacional Estándar del Libro 9781585675814
035 ## - NÚMERO DE CONTROL DEL SISTEMA
Número de control de sistema (OCoLC)81906942
090 ## - LOCALMENTE ASIGNADO TIPO-LC NÚMERO DE CLASIFICACIÓN (OCLC); NÚMERO DE CLASIFICACIÓN LOCAL (RLIN)
Número de clasificación (OCLC) (R) ; Numero de clasificación, CALL (RLIN) (NR) DR576
Número cutter local (OCLC) ; Número de libro/Signatura topográfica íntegra, CALL (RLIN) P675 2004
049 ## - FONDOS LOCALES (OCLC)
Biblioteca depositaria GRAL
100 1# - ENTRADA PRINCIPAL--NOMBRE DE PERSONA
Nombre de persona Pope, Nicole.
245 10 - MENCIÓN DEL TÍTULO
Título Turkey unveiled :
Resto del título a history of modern Turkey /
Mención de responsabilidad, etc. Nicole and Hugh Pope.
260 ## - PUBLICACIÓN, DISTRIBUCIÓN, ETC.
Lugar de publicación, distribución, etc. Woodstock, N.Y. :
Nombre del editor, distribuidor, etc. Overlook Press,
Fecha de publicación, distribución, etc. 2004.
300 ## - DESCRIPCIÓN FÍSICA
Extensión xi, 395 p., [16] p. of plates :
Otras características físicas ill., maps ;
Dimensiones 24 cm.
500 ## - NOTA GENERAL
Nota general Edition statement from back cover.
504 ## - NOTA DE BIBLIOGRAFÍA, ETC.
Nota de bibliografía, etc. Includes bibliographical references (p. [385]-388) and index.
505 0# - NOTA DE CONTENIDO CON FORMATO
Nota de contenido con formato 1. Tangled roots -- 2. Ottoman glory and decline -- 3. Turkey for the Turks -- 4. Atatèurk, immortal leader -- 5. Walking the tightrope -- 6. A new beginning -- 7. The army shows its hand -- 8. Wilderness years -- 10. The generals take charge -- 11. The èOzal revolution -- 12. A bridge too far -- 13. èOzal stumbles -- 14. A place at the feast -- 15. The Kurdish reality -- 16. The wolf and the bear -- 17. The ðCiller phenomenon -- 18. A Turkish-Islamic synthesis.
651 #0 - PUNTO DE ACCESO ADICIONAL DE MATERIA--NOMBRE GEOGRÁFICO
Nombre geográfico Turkey
Subdivisión general Politics and government
Subdivisión cronológica 1909-
651 #0 - PUNTO DE ACCESO ADICIONAL DE MATERIA--NOMBRE GEOGRÁFICO
Nombre geográfico Turkey
Subdivisión general Civilization
Subdivisión cronológica 20th century.
600 10 - PUNTO DE ACCESO ADICIONAL DE MATERIA--NOMBRE DE PERSONA
Nombre de persona Atatèurk, Kemal,
Fechas asociadas al nombre 1881-1938.
938 ## -
-- Baker & Taylor
-- BKTY
-- 22.95
-- 17.21
-- 1585675814
-- 0004408940
-- active
938 ## -
-- YBP Library Services
-- YANK
-- 2076291
942 ## - ELEMENTOS DE ENTRADA SECUNDARIOS (KOHA)
Fuente del sistema de clasificación o colocación Clasificación de Library of Congress
Tipo de ítem Koha
994 ## -
-- C0
-- DRFGD
Holdings
Estatus retirado Estado de pérdida Fuente del sistema de clasificación o colocación Estado de daño No para préstamo Colección Biblioteca de origen Biblioteca actual Ubicación en estantería Fecha de adquisición Código de barras Visto por última vez Copia número Tipo de ítem Koha
    Clasificación de Library of Congress     Automatización y Procesos Técnicos Biblioteca Juan Bosch Biblioteca Juan Bosch Automatización y Procesos Técnicos (1er. Piso) 11/04/2023 00000052009 17/02/2019 1